000 00466nam a2200169Ia 4500
005 20250317123546.0
008 008 250317s9999 xx 000 0 eng d
037 _aTextbook
040 _aFMSL
_beng
_cFMSL
041 _aeng
_2eng
084 _aD658(B) L1
_qFMSL
100 _aHead R V
_9735510
245 0 _aGuide to packaged systems
260 _aNY
_bNY, Wiley Inter.
_c1971
942 _cTB
_hD658(B) L1
999 _c1251768
_d1251768